Sacramento Kings NBA Champions - Statistics

General Stats
  • This quiz has been taken 33 times
  • The average score is 3 of 10
Answer Stats
Titles Player % Correct
1 Arnie Johnson
66%
1 Arnie Risen
66%
1 Bob Davies
52%
1 Bobby Wanzer
34%
1 Jack Coleman
17%
1 Red Holzman
10%
1 Bill Calhoun
7%
1 Joe McNamee
3%
1 Paul Noel
3%
1 Pep Saul
3%
No matching quizzes found
Score Distribution
Percent of People with Each Score
Percentile by Number Answered
Your Score History
You have not taken this quiz